Constructing human rights in the age of globalization (Record no. 148020)

MARC details
000 -LEADER
fixed length control field 00589nam a2200217Ia 4500
003 - CONTROL NUMBER IDENTIFIER
control field OSt
005 - DATE AND TIME OF LATEST TRANSACTION
control field 20250825162535.0
008 - FIXED-LENGTH DATA ELEMENTS--GENERAL INFORMATION
fixed length control field 210210b2004 xxu||||| |||| 00| 0 eng d
020 ## - INTERNATIONAL STANDARD BOOK NUMBER
International Standard Book Number 8120325869
040 ## - CATALOGING SOURCE
Transcribing agency AL
041 ## - LANGUAGE CODE
Language code of text/sound track or separate title eng
082 ## - DEWEY DECIMAL CLASSIFICATION NUMBER
Classification number 323 MONC
100 ## - MAIN ENTRY--PERSONAL NAME
Personal name Mahmood Monshipouri
9 (RLIN) 237104
245 ## - TITLE STATEMENT
Title Constructing human rights in the age of globalization
260 ## - PUBLICATION, DISTRIBUTION, ETC.
Place of publication, distribution, etc. New delhi
Name of publisher, distributor, etc. Prentice-Hall of India Private Limited
Date of publication, distribution, etc. 2004
300 ## - PHYSICAL DESCRIPTION
Extent xxxiii,353p.
690 ## - LOCAL SUBJECT ADDED ENTRY--TOPICAL TERM (OCLC, RLIN)
Topical term or geographic name as entry element Relation of State
9 (RLIN) 237105
700 ## - ADDED ENTRY--PERSONAL NAME
Personal name Englehart, Neil
9 (RLIN) 237106
906 ## - LOCAL DATA ELEMENT F, LDF (RLIN)
a 066528
942 ## - ADDED ENTRY ELEMENTS (KOHA)
Source of classification or shelving scheme Dewey Decimal Classification
Koha item type Book
Holdings
Withdrawn status Lost status Source of classification or shelving scheme Damaged status Not for loan Collection code Home library Current library Date acquired Source of acquisition Cost, normal purchase price Total Checkouts Full call number Barcode Date last seen Price effective from Koha item type
    Dewey Decimal Classification     Human Rights St Aloysius Library St Aloysius Library 02/17/2021 Book World Mangalore-3 295.00   323 MONC 066528 02/17/2021 02/17/2021 Book